<?xml version="1.0" encoding="UTF-8"?><?xml-stylesheet type="text/xsl" href="static/style.xsl"?><OAI-PMH xmlns="http://www.openarchives.org/OAI/2.0/" xmlns:xsi="http://www.w3.org/2001/XMLSchema-instance" xsi:schemaLocation="http://www.openarchives.org/OAI/2.0/ http://www.openarchives.org/OAI/2.0/OAI-PMH.xsd"><responseDate>2026-04-14T03:35:31Z</responseDate><request verb="GetRecord" identifier="oai:www.recercat.cat:2445/218304" metadataPrefix="marc">https://recercat.cat/oai/request</request><GetRecord><record><header><identifier>oai:recercat.cat:2445/218304</identifier><datestamp>2025-11-19T10:41:32Z</datestamp><setSpec>com_2072_1057</setSpec><setSpec>col_2072_478815</setSpec><setSpec>col_2072_478917</setSpec></header><metadata><record xmlns="http://www.loc.gov/MARC21/slim" xmlns:dcterms="http://purl.org/dc/terms/" xmlns:xsi="http://www.w3.org/2001/XMLSchema-instance" xmlns:doc="http://www.lyncode.com/xoai" xsi:schemaLocation="http://www.loc.gov/MARC21/slim http://www.loc.gov/standards/marcxml/schema/MARC21slim.xsd">
   <leader>00925njm 22002777a 4500</leader>
   <datafield ind2=" " ind1=" " tag="042">
      <subfield code="a">dc</subfield>
   </datafield>
   <datafield ind2=" " ind1=" " tag="720">
      <subfield code="a">Marín-Quintero, D.</subfield>
      <subfield code="e">author</subfield>
   </datafield>
   <datafield ind2=" " ind1=" " tag="720">
      <subfield code="a">Fernández Campos, Francisco</subfield>
      <subfield code="e">author</subfield>
   </datafield>
   <datafield ind2=" " ind1=" " tag="720">
      <subfield code="a">Calpena Campmany, Ana Cristina</subfield>
      <subfield code="e">author</subfield>
   </datafield>
   <datafield ind2=" " ind1=" " tag="720">
      <subfield code="a">Montes López, María Jesús</subfield>
      <subfield code="e">author</subfield>
   </datafield>
   <datafield ind2=" " ind1=" " tag="720">
      <subfield code="a">Clares Naveros, Beatriz</subfield>
      <subfield code="e">author</subfield>
   </datafield>
   <datafield ind2=" " ind1=" " tag="720">
      <subfield code="a">Pozo Carrascosa, Alfonso del</subfield>
      <subfield code="e">author</subfield>
   </datafield>
   <datafield ind2=" " ind1=" " tag="260">
      <subfield code="c">2025-01-31T09:44:32Z</subfield>
   </datafield>
   <datafield ind2=" " ind1=" " tag="260">
      <subfield code="c">2025-01-31T09:44:32Z</subfield>
   </datafield>
   <datafield ind2=" " ind1=" " tag="260">
      <subfield code="c">2013-11-22</subfield>
   </datafield>
   <datafield ind2=" " ind1=" " tag="260">
      <subfield code="c">2025-01-31T09:44:32Z</subfield>
   </datafield>
   <datafield ind2=" " ind1=" " tag="520">
      <subfield code="a">ABSTRACT: Nystatin (NYS) is a polyene macrolide with broad antifungal spectrum restricted to topical use owing to its toxicity upon systemic administration. The aims of thiswork were the design, development, and optimization ofNYS-loaded lipid emulsion for intravenous administration. A closed circuit system was designed to apply ultrasound during the elaboration of the lipid intravenous emulsions (LIEs). Additionally, a comparison with the commercially available Intralipid R  20% was also performed.Manufacturing conditions were optimized by factorial design. Formulations were evaluated in terms of physicochemical parameters, stability, release profile, and antimicrobial activity. The average droplet size, polydispersity index, zeta-potential, pH, and volume distribution values ranged between 192.5 and 143.0 nm, 0.170 and 0.135, −46 and −44 mV, 7.11 and 7.53, 580 and 670 nm, respectively. The selected NYS-loaded LIE (NYS-LIE54) consisted of soybean oil (30%), soybean lecithin (2%), solutol HSR  15 (4%), and glycerol (2.25%) was stable for at least 60 days. In vitro drug release studies of this formulation suggested a sustained-release profile. Equally, NYS-LIE54 showed the best antimicrobial activity being higher than the free drug. Thus, it could be a promising drug delivery system to treat systemic fungal infections. C  2013 Wiley Periodicals, Inc. and the American Pharmacists Association J Pharm Sci Keywords: drug design; nystatin; lipids; emulsion; injectables; surfactants; candida; aspergillus; mathematical model</subfield>
   </datafield>
   <datafield tag="653" ind2=" " ind1=" ">
      <subfield code="a">Lípids</subfield>
   </datafield>
   <datafield tag="653" ind2=" " ind1=" ">
      <subfield code="a">Emulsions</subfield>
   </datafield>
   <datafield tag="653" ind2=" " ind1=" ">
      <subfield code="a">Lipids</subfield>
   </datafield>
   <datafield tag="653" ind2=" " ind1=" ">
      <subfield code="a">Emulsions</subfield>
   </datafield>
   <datafield ind2="0" ind1="0" tag="245">
      <subfield code="a">Formulation Design and Optimization for the Improvement of Nystatin-Loaded Lipid Intravenous Emulsion</subfield>
   </datafield>
</record></metadata></record></GetRecord></OAI-PMH>